Statistiques concernant Liste de fruits couramment séchés

Cliquez ici pour prendre le quiz!

Statistiques générales

  • Ce quiz a été pris 323 fois
    (313 depuis la dernière actualisation)
  • Le résultat moyen est 11 sur 21

Statistiques - réponses

Réponse% Correct
Abricot
91%
Pomme
87%
Banane
86%
Poire
84%
Raisin
82%
Prune
80%
Pêche
68%
Ananas
65%
Figue
65%
Datte
62%
Cerise
59%
Mangue
59%
Kiwi
50%
Tomate
45%
Pruneau
44%
Papaye
40%
Melon
39%
Myrtille
24%
Canneberge
11%
Agrume
2%
Deglet nour
2%

Distribution des résultats

Percentile par nombre de réponses

% des personnes avec chaque résultat

Votre développement - résultats

Vous n’avez pas pris ce quiz depuis la dernière actualisation